[Event "POL-chT4 Kujawsko Pomorskie 1011"]
[Site "Poland"]
[Date "2011.02.27"]
[Round "7.21"]
[White "Szczesniak, Andrzej"]
[Black "Hetmanski, Waldemar"]
[Result "1/2-1/2"]
[WhiteElo "2071"]
[BlackElo "1881"]
[PlyCount "112"]
[EventDate "2010.11.07"]
[EventType "team-swiss"]
[EventRounds "10"]
[EventCountry "POL"]
[SourceTitle "EXT 2019"]
[Source "ChessBase"]
[SourceDate "2018.10.10"]
[SourceVersion "1"]
[SourceVersionDate "2018.10.10"]
[SourceQuality "1"]

1. e4 c5 2. c3 d5 3. exd5 Qxd5 4. Nf3 Nc6 5. Na3 Bg4 6. Be2 0-0-0 7. 0-0 e5 8. h3 Bxf3 9. Bxf3 e4 10. Be2 f5 11. Bc4 Qe5 12. f4 Qf6 13. Qe2 Qe7 14. Bb5 Qc7 15. Nc4 Bd6 16. Ne3 Nge7 17. d3 exd3 18. Bxd3 g6 19. Nc4 Rhe8 20. Qf3 Ng8 21. Be3 Bf8 22. Rad1 Nf6 23. Qf2 Nd5 24. Bxc5 Bxc5 25. Qxc5 Nxf4 26. Bxf5+ Kb8 27. Rxd8+ Rxd8 28. Bg4 h5 29. Bf3 Nd3 30. Qg5 Ne7 31. b3 Qc5+ 32. Qxc5 Nxc5 33. Re1 Nf5 34. b4 Na4 35. Re6 Nxc3 36. Rxg6 Nh4 37. Rg7 Nxf3+ 38. gxf3 Nxa2 39. Na5 Rd1+ 40. Kf2 b6 41. Nc6+ Kc8 42. Rxa7 Nc3 43. Rh7 Rd6 44. Ne7+ Kd8 45. Nf5 Rd2+ 46. Ke3 Rb2 47. Kd3 Nd5 48. Nd4 Ke8 49. b5 Rh2 50. Kc4 Ne3+ 51. Kd3 Nd5 52. Nc6 Rxh3 53. Kd4 Nf6 54. Rh8+ Kf7 55. f4 Rh1 56. Rb8 Rd1+ 1/2-1/2

[Event "POL-chT4 Kujawsko Pomorskie 1011"]
[Site "Poland"]
[Date "2011.01.23"]
[Round "5.21"]
[White "Szczesniak, Andrzej"]
[Black "Zebracki, Tomasz"]
[Result "1-0"]
[WhiteElo "2071"]
[BlackElo "1794"]
[PlyCount "103"]
[EventDate "2010.11.07"]
[EventType "team-swiss"]
[EventRounds "10"]
[EventCountry "POL"]
[SourceTitle "EXT 2019"]
[Source "ChessBase"]
[SourceDate "2018.10.10"]
[SourceVersion "1"]
[SourceVersionDate "2018.10.10"]
[SourceQuality "1"]

1. c4 c5 2. Nc3 Nf6 3. g3 d5 4. cxd5 Nxd5 5. Bg2 Nc7 6. d3 e5 7. Nf3 Nc6 8. 0-0 Be7 9. Nd2 0-0 10. Nc4 f6 11. f4 Bd7 12. a4 Rc8 13. Kh1 b6 14. Ne4 Be6 15. fxe5 fxe5 16. Rxf8+ Bxf8 17. Bg5 Be7 18. Ncd6 Rb8 19. Qd2 Nd4 20. Rf1 Nb3 21. Bxe7 Qxe7 22. Qg5 Qxg5 23. Nxg5 Rd8 24. Nxe6 Nxe6 25. Nf7 Rf8 26. Nxe5 Rxf1+ 27. Bxf1 Ned4 28. Kg1 Kf8 29. Kf2 Nf5 30. Nc6 a6 31. Bh3 g6 32. Bg2 Ke8 33. Bd5 Nbd4 34. Ne5 Ke7 35. Bb7 a5 36. Nc4 Nd6 37. Bd5 Nxc4 38. Bxc4 Kf6 39. e3 Nc6 40. Kf3 Ne5+ 41. Ke4 Ng4 42. h4 g5 43. h5 h6 44. d4 cxd4 45. exd4 Ke7 46. Be2 Nf6+ 47. Ke5 g4 48. Kf5 Nxh5 49. Kxg4 Ng7 50. Kf4 Kd6 51. Bc4 Nh5+ 52. Kf3 1-0

[Event "POL-chT4 Kujawsko Pomorskie 1011"]
[Site "Poland"]
[Date "2010.12.12"]
[Round "3.41"]
[White "Dezakowski, Przemyslaw"]
[Black "Szczesniak, Andrzej"]
[Result "1/2-1/2"]
[WhiteElo "1874"]
[BlackElo "2071"]
[PlyCount "50"]
[EventDate "2010.11.07"]
[EventType "team-swiss"]
[EventRounds "10"]
[EventCountry "POL"]
[SourceTitle "EXT 2019"]
[Source "ChessBase"]
[SourceDate "2018.10.10"]
[SourceVersion "1"]
[SourceVersionDate "2018.10.10"]
[SourceQuality "1"]

1. Nf3 c5 2. g3 Nc6 3. Bg2 e5 4. d3 g6 5. 0-0 Bg7 6. Nc3 Nge7 7. Ne4 d6 8. Bg5 f5 9. Nf6+ Kf7 10. Nd5 h6 11. Bxe7 Nxe7 12. Nd2 Be6 13. c4 Rb8 14. Rb1 b5 15. e4 Rf8 16. Nxe7 Qxe7 17. exf5 Bxf5 18. Bd5+ Be6 19. Be4 Qd7 20. b3 Bf6 21. Qc2 Bh3 22. Rfe1 Kg7 23. a3 Qf7 24. Nf1 Bg5 25. Bd5 Be6 1/2-1/2

[Event "NATO-ch 21st"]
[Site "Koge"]
[Date "2010.10.21"]
[Round "6"]
[White "Szczesniak, Andrzej"]
[Black "Ozkan, Ervin"]
[Result "1-0"]
[WhiteElo "2053"]
[BlackElo "2221"]
[PlyCount "101"]
[EventDate "2010.10.18"]
[EventType "swiss"]
[EventRounds "7"]
[EventCountry "DEN"]
[SourceTitle "EXT 2011"]
[Source "ChessBase"]
[SourceDate "2010.11.26"]
[SourceVersion "1"]
[SourceVersionDate "2010.11.26"]
[SourceQuality "1"]

1. c4 c6 2. e4 d5 3. exd5 cxd5 4. cxd5 Nf6 5. Nc3 Nxd5 6. Nf3 Nc6 7. Bb5 e6 8. 0-0 Be7 9. d4 0-0 10. Re1 Nf6 11. Bg5 Nb4 12. Ne5 a6 13. Bc4 b5 14. Bb3 Bd7 15. Qf3 Rc8 16. Rad1 Nc6 17. Nxd7 Nxd7 18. Bxe7 Nxe7 19. d5 e5 20. Ne4 Nb6 21. Ng5 Ng6 22. Qh5 h6 23. Ne6 fxe6 24. dxe6 Qf6 25. e7+ Rf7 26. Rd8+ Kh7 27. Bxf7 Qxf7 28. e8Q Qxe8 29. Rxe8 Rxe8 30. Qf5 Rf8 31. Qe6 Rf6 32. Qb3 Nc4 33. Qc2 Kg8 34. Rd1 Ne7 35. b3 Nd6 36. Qc7 Nef5 37. Re1 e4 38. Rd1 Nf7 39. Re1 N7d6 40. a4 bxa4 41. bxa4 Kh7 42. Rd1 h5 43. h3 h4 44. Kh2 Kg6 45. Qc6 e3 46. fxe3 Nf7 47. Qe8 Ng3 48. e4 Kh7 49. e5 Rf2 50. Qe6 Rf4 51. Rd7 1-0

[Event "NATO-ch 21st"]
[Site "Koge"]
[Date "2010.10.21"]
[Round "5"]
[White "Szczesniak, Andrzej"]
[Black "Redman, Michael"]
[Result "1-0"]
[WhiteElo "2053"]
[BlackElo "2152"]
[PlyCount "43"]
[EventDate "2010.10.18"]
[EventType "swiss"]
[EventRounds "7"]
[EventCountry "DEN"]
[SourceTitle "EXT 2011"]
[Source "ChessBase"]
[SourceDate "2010.11.26"]
[SourceVersion "1"]
[SourceVersionDate "2010.11.26"]
[SourceQuality "1"]

1. c4 Nf6 2. Nc3 g6 3. g3 Bg7 4. Bg2 0-0 5. e4 d6 6. Nge2 e5 7. 0-0 Nc6 8. d3 Nh5 9. h3 f5 10. exf5 gxf5 11. Nd5 f4 12. Nec3 Rf5 13. Ne4 Nd4 14. g4 Rf7 15. gxh5 c6 16. Ndc3 f3 17. Bg5 Qd7 18. Bh1 Qxh3 19. Ng3 Bg4 20. Qd2 Bxh5 21. Be3 Bg4 22. Nce4 1-0